Denver Nuggets NBA Finals Starters - Statistics

General Stats
  • This quiz has been taken 370 times
  • The average score is 5 of 5
Answer Stats
Finals Players % Correct
2023 Nikola Jokić
100%
2023 Jamal Murray
99%
2023 Michael Porter Jr.
93%
2023 Aaron Gordon
92%
2023 Kentavious Caldwell-Pope
87%
No matching quizzes found
Score Distribution
Percent of People with Each Score
Percentile by Number Answered
Your Score History
You have not taken this quiz